000 01110cam a2200373Mi 4500
999 _c5169
_d5169
001 on1037808118
003 OCoLC
005 20200213185016.0
008 180527t20172017xx 000 0 eng d
015 _aGBB8L0066
_2bnb
016 7 _a019123920
_2Uk
020 _a1786610310
020 _a9781786610317
029 1 _aUKMGB
_b019123920
035 _a(OCoLC)1037808118
040 _aYDX
_beng
_cTZ-ArACH
043 _af------
049 _aTZAA
050 1 4 _aDT30
_b.T53 2018
082 0 4 _a341.249
_223
100 1 _aTieku, Thomas Kwasi,
_eauthor.
245 1 0 _aGoverning Africa :
_b3D analysis of the African Union's performance /
_cThomas Kwasi Tieku.
260 _aLanham, Marylan :
_bRowman & Littlefield,
_c2017.
300 _axv, 248 pages ;
_c24 cm
610 2 0 _aAfrican Union.
610 2 7 _aAfrican Union.
_2fast
648 7 _aSince 1960
_2fast
650 7 _aPolitics and government.
_2fast
650 7 _a89.71 international cooperation: general.
_2nbc
651 0 _aAfrica
_xPolitics and government
_y1960-
651 7 _aAfrica.
_2fast
651 7 _aAfrica.
_2gtt
942 _2lcc
_cBOOK